000
00333 a2200145 4500
001
153741
040
_c
Escola São Tomás de Aquino
100
_a
SAVAGET, Luciana
240
1
0
_a
Meia volta,vamos ver
_l
por
245
1
0
_a
Meia volta,vamos ver
362
0
_a
1998
440
1
_a
Ediouro
697
_a
*LITERATURA JUVENIL
942
_c
BK
999
_c
153741
_d
153741